Datum a čas kvízu
26.5
Celkem bodů
Celkový počet nahraných bodů na tomto kvízu bez doplňovacích otázek.
6.
Pořadí na kvízu
Konečné umístění týmu na tomto kvízu.
Zaznamenané odpovědi
| # | Otázka | Odpověď | Body | Výsledky |
|---|---|---|---|---|
| 1. | Minulý týden projednával Městs... | krabice od banánů, Lidl | 0.5 | |
| 2. | Slovenská vláda schválila plán... | medvěd | 1 | |
| 3. | Minulý týden vystoupila rovnou... | Dua Lipa; Na ostří nože | 1 | |
| 4. | Jak se jmenuje horská chata le... | Luční bouda | 1 | |
| 5. | Dvojnásobná grandslamová šampi... | Jiří Novák | 0 | |
| 6. | Fanoušci komiksů, sci-fi, fant... | cosplay | 0 | |
| 7. | Hlavní postavy ze seriálu Teor... | Stuart | 0 | |
| 8. | Jedním z nejoblíbenějších komi... | 1D 2A 3B 4C | 1 | |
| 9. | Jak se jmenuje muž, který nakr... | Štěpán Mareš | 0 | |
| 10. | V současné době vychází v komi... | Karel Jaromír Erben, Kytice | 0 |